[Event "Tradewise Gibraltar AmatWk1"]
[Site "Gibraltar"]
[Date "2017.01.27"]
[Round "5.15"]
[White "Hunt, Caro"]
[Black "Stamenov, Valeriy"]
[Result "0-1"]
[WhiteElo "1631"]
[BlackElo "1839"]
[PlyCount "82"]
[EventDate "2017.01.23"]
[EventType "swiss"]
[EventRounds "5"]
[EventCountry "GGB"]
[SourceTitle "BritBase"]
[Source "www.saund.co.uk"]
[SourceDate "2018.02.10"]
[SourceVersion "1"]
[SourceVersionDate "2018.02.10"]
[SourceQuality "1"]

1. e4 e5 2. Bc4 Nf6 3. d4 exd4 4. Nf3 Nc6 5. O-O Nxe4 6. Re1 d5 7. Bxd5 Qxd5 8.
Nc3 Qa5 9. Rxe4+ Be6 10. Nxd4 Nxd4 11. Rxd4 Be7 12. Be3 c6 13. Qe2 O-O 14. Ne4
Rfd8 15. Bd2 Qf5 16. Bc3 Rxd4 17. Bxd4 c5 18. Bc3 Rd8 19. Ng3 Qg6 20. a3 Bf6
21. Bxf6 Qxf6 22. c3 b6 23. Rd1 h6 24. Rxd8+ Qxd8 25. Nf1 Qd6 26. Qd2 Qe5 27.
Ne3 f5 28. f3 f4 29. Ng4 Bxg4 30. fxg4 Kf7 31. h3 Ke6 32. Kf2 Qe4 33. Qe2 Ke5
34. b3 Qxe2+ 35. Kxe2 Ke4 36. h4 g6 37. c4 a6 38. Kd2 f3 39. gxf3+ Kxf3 40. h5
g5 41. b4 a5 0-1

[Event "Tradewise Gibraltar AmatWk1"]
[Site "Gibraltar"]
[Date "2017.01.27"]
[Round "5.16"]
[White "Hudson, Jeremy"]
[Black "Brooker, Chris H"]
[Result "1-0"]
[WhiteElo "1633"]
[BlackElo "1761"]
[PlyCount "37"]
[EventDate "2017.01.23"]
[EventType "swiss"]
[EventRounds "5"]
[EventCountry "GGB"]
[SourceTitle "BritBase"]
[Source "www.saund.co.uk"]
[SourceDate "2018.02.10"]
[SourceVersion "1"]
[SourceVersionDate "2018.02.10"]
[SourceQuality "1"]

1. Nf3 f5 2. b3 d6 3. Bb2 e5 4. e3 Nf6 5. d4 e4 6. Nfd2 d5 7. Be2 Bd6 8. c4 c6
9. Nc3 a6 10. Qc2 O-O 11. O-O-O Be6 12. Na4 Nbd7 13. Kb1 b5 14. Nc5 Nxc5 15.
dxc5 Be7 16. Ka1 Qc7 17. f4 bxc4 18. bxc4 Rfb8 19. Be5 1-0

[Event "Tradewise Gibraltar AmatWk1"]
[Site "Gibraltar"]
[Date "2017.01.27"]
[Round "5.17"]
[White "Haddock, Paul"]
[Black "Carbonnier, Arnaud"]
[Result "0-1"]
[WhiteElo "1570"]
[BlackElo "1750"]
[PlyCount "72"]
[EventDate "2017.01.23"]
[EventType "swiss"]
[EventRounds "5"]
[EventCountry "GGB"]
[SourceTitle "BritBase"]
[Source "www.saund.co.uk"]
[SourceDate "2018.02.10"]
[SourceVersion "1"]
[SourceVersionDate "2018.02.10"]
[SourceQuality "1"]

1. e4 c6 2. d4 d5 3. e5 Bf5 4. Bd3 Bxd3 5. Qxd3 e6 6. c3 Ne7 7. Bg5 Nd7 8. Nf3
h6 9. Bxe7 Bxe7 10. O-O c5 11. b3 Rc8 12. Nbd2 cxd4 13. cxd4 Ba3 14. h3 O-O 15.
Rae1 Qb6 16. Nb1 Be7 17. Nh2 f6 18. exf6 Bxf6 19. Ng4 Bxd4 20. Qg6 Kh8 21. Rxe6
Rc6 22. Rxc6 Qxc6 23. Qd3 Qc5 24. Nd2 h5 25. Ne3 Ne5 26. Qe2 g6 27. Nf3 Nxf3+
28. gxf3 Qe7 29. Qd3 Qg5+ 30. Ng2 Bb6 31. Re1 Qg3 32. Qc3+ Kg8 33. Qd2 Qxf3 34.
Re2 Rf7 35. Re8+ Kh7 36. Nh4 Bxf2+ 0-1

[Event "Tradewise Gibraltar AmatWk1"]
[Site "Gibraltar"]
[Date "2017.01.27"]
[Round "5.19"]
[White "Zitan, Abdelhay"]
[Black "Horlock, Peter J"]
[Result "1-0"]
[WhiteElo "1678"]
[BlackElo "1611"]
[PlyCount "49"]
[EventDate "2017.01.23"]
[EventType "swiss"]
[EventRounds "5"]
[EventCountry "GGB"]
[SourceTitle "BritBase"]
[Source "www.saund.co.uk"]
[SourceDate "2018.02.10"]
[SourceVersion "1"]
[SourceVersionDate "2018.02.10"]
[SourceQuality "1"]

1. e4 e5 2. Nf3 Nc6 3. Bb5 d6 4. d4 exd4 5. Nxd4 Bd7 6. Nxc6 bxc6 7. Bc4 Be6 8.
Bd3 Nf6 9. O-O Be7 10. Nc3 O-O 11. f4 d5 12. e5 Bc5+ 13. Kh1 Ng4 14. Qe1 f5 15.
h3 Nh6 16. Qg3 Kh8 17. Ne2 Rg8 18. c3 Nf7 19. Nd4 Bxd4 20. cxd4 g5 21. fxg5
Nxg5 22. Qh4 Ne4 23. Qxd8 Raxd8 24. Rf3 Rg3 25. Bxe4 1-0

[Event "Tradewise Gibraltar AmatWk1"]
[Site "Gibraltar"]
[Date "2017.01.27"]
[Round "5.20"]
[White "Bo, Martin"]
[Black "Flanagan, Samuel"]
[Result "1/2-1/2"]
[WhiteElo "1572"]
[BlackElo "1774"]
[PlyCount "69"]
[EventDate "2017.01.23"]
[EventType "swiss"]
[EventRounds "5"]
[EventCountry "GGB"]
[SourceTitle "BritBase"]
[Source "www.saund.co.uk"]
[SourceDate "2018.02.10"]
[SourceVersion "1"]
[SourceVersionDate "2018.02.10"]
[SourceQuality "1"]

1. d4 d5 2. Nf3 Nf6 3. c4 c6 4. Nc3 a6 5. e3 b5 6. b3 Bg4 7. Be2 e6 8. O-O Bb4
9. Bb2 O-O 10. h3 Bh5 11. a3 Be7 12. Qc2 Nbd7 13. Ne5 Nxe5 14. dxe5 Bg6 15. Bd3
Bxd3 16. Qxd3 Nd7 17. Ne2 Qc7 18. Qc3 Qb7 19. e4 dxc4 20. bxc4 Nb6 21. cxb5
cxb5 22. Qf3 Nc4 23. Bc3 Bxa3 24. Qf4 Bb2 25. Bxb2 Nxb2 26. Ng3 Nd3 27. Qg5 h6
28. Qh5 Nf4 29. Qg4 Ng6 30. f4 Qe7 31. Nh5 Qh4 32. Qf3 Qe7 33. Qg3 Qh4 34. Qf3
Qe7 35. Qg3 1/2-1/2

[Event "Tradewise Gibraltar AmatWk1"]
[Site "Gibraltar"]
[Date "2017.01.27"]
[Round "5.22"]
[White "Walker, Gordon J"]
[Black "Kearsley, Raymond J"]
[Result "0-1"]
[WhiteElo "1547"]
[BlackElo "1687"]
[PlyCount "94"]
[EventDate "2017.01.23"]
[EventType "swiss"]
[EventRounds "5"]
[EventCountry "GGB"]
[SourceTitle "BritBase"]
[Source "www.saund.co.uk"]
[SourceDate "2018.02.10"]
[SourceVersion "1"]
[SourceVersionDate "2018.02.10"]
[SourceQuality "1"]

1. d4 d5 2. c4 e5 3. Nf3 e4 4. Ng5 h6 5. Nh3 Bxh3 6. gxh3 c6 7. Bf4 Bd6 8. Qd2
Nf6 9. c5 Bxf4 10. Qxf4 O-O 11. Rg1 Kh8 12. e3 Nbd7 13. Be2 b6 14. b4 bxc5 15.
a3 cxb4 16. axb4 Qb8 17. Qg3 Qxg3 18. hxg3 Rfb8 19. Na3 Rxb4 20. Rb1 a5 21. Kd2
c5 22. dxc5 Nxc5 23. Rgc1 Nb3+ 24. Kd1 Nxc1 25. Rxc1 Rab8 26. Nc2 Rb1 27. Na3
Rxc1+ 28. Kxc1 Kg8 29. Bb5 Kf8 30. Kb2 Ke7 31. Kb3 Kd6 32. Ka4 Ra8 33. Nc2 Nd7
34. Nd4 Nb6+ 35. Ka3 Kc5 36. Be2 Nc4+ 37. Ka4 Rb8 38. Nb3+ Kb6 39. Nd4 Nb2+ 40.
Ka3 Nd3 41. f3 Kc5 42. Nb3+ Rxb3+ 43. Kxb3 Nc1+ 44. Ka4 Nxe2 45. fxe4 Nc3+ 46.
Kxa5 Nxe4 47. g4 Nf2 0-1

[Event "Tradewise Gibraltar AmatWk1"]
[Site "Gibraltar"]
[Date "2017.01.27"]
[Round "5.23"]
[White "Koreywo, Witold"]
[Black "Kapoor, Gurveen"]
[Result "0-1"]
[WhiteElo "1620"]
[BlackElo "1540"]
[PlyCount "80"]
[EventDate "2017.01.23"]
[EventType "swiss"]
[EventRounds "5"]
[EventCountry "GGB"]
[SourceTitle "BritBase"]
[Source "www.saund.co.uk"]
[SourceDate "2018.02.10"]
[SourceVersion "1"]
[SourceVersionDate "2018.02.10"]
[SourceQuality "1"]

1. d4 Nf6 2. Bf4 d6 3. Nf3 Nbd7 4. e3 g6 5. Nbd2 c5 6. c3 Bg7 7. Bd3 a6 8. a4
b6 9. O-O Nh5 10. Re1 Nxf4 11. exf4 O-O 12. f5 Nf6 13. fxg6 hxg6 14. Ne4 Bb7
15. Nxf6+ Bxf6 16. Be4 Bxe4 17. Rxe4 b5 18. axb5 axb5 19. Re1 Qb6 20. dxc5 Qxc5
21. Nd2 Qb6 22. Ne4 Bg7 23. Qd5 Rad8 24. Ng5 e6 25. Qf3 b4 26. Qh3 Rfe8 27. Qf3
Rd7 28. Ra8 Rxa8 29. Qxa8+ Qd8 30. Qf3 Qxg5 31. Ra1 d5 32. h4 Qxh4 33. Ra8+ Rd8
34. Ra7 Qf6 35. Qe3 bxc3 36. bxc3 Qxc3 37. Qb6 Qe1+ 38. Kh2 Be5+ 39. g3 Rb8 40.
Qc6 Qxf2+ 0-1

[Event "Tradewise Gibraltar AmatWk1"]
[Site "Gibraltar"]
[Date "2017.01.27"]
[Round "5.24"]
[White "Olde, Karl Erik"]
[Black "Naldrett, Geoffrey William"]
[Result "1-0"]
[WhiteElo "1352"]
[BlackElo "1588"]
[PlyCount "105"]
[EventDate "2017.01.23"]
[EventType "swiss"]
[EventRounds "5"]
[EventCountry "GGB"]
[SourceTitle "BritBase"]
[Source "www.saund.co.uk"]
[SourceDate "2018.02.10"]
[SourceVersion "1"]
[SourceVersionDate "2018.02.10"]
[SourceQuality "1"]

1. c4 Nf6 2. g3 g6 3. Bg2 Bg7 4. Nf3 c5 5. O-O Nc6 6. Nc3 O-O 7. d3 d6 8. Bg5
h6 9. Bd2 Be6 10. Qc1 Kh7 11. a3 Qd7 12. Re1 Bh3 13. Bh1 Rac8 14. Rb1 b6 15. b4
Ng4 16. Bg2 Nge5 17. Nxe5 Nxe5 18. Bh1 Ng4 19. Bg2 Qf5 20. f3 Ne5 21. g4 Bxg4
22. fxg4 Nxg4 23. Rf1 Qe5 24. Rf4 Qh5 25. h3 Nf6 26. Ne4 Qxe2 27. Nxf6+ Bxf6
28. Rf3 Bg7 29. Kh1 Qe6 30. Re3 Qd7 31. Qe1 e5 32. b5 f5 33. Rf3 Rf6 34. Rf2 g5
35. Qf1 Rcf8 36. Bc6 Qf7 37. Qg2 Rg6 38. Rbf1 Rf6 39. Rxf5 Rxf5 40. Rxf5 Qe7
41. Qe4 Kh8 42. Rxf8+ Qxf8 43. Qf3 Qe7 44. Bd5 Qf6 45. Qxf6 Bxf6 46. Kg2 Kg7
47. Be4 h5 48. Kg3 Be7 49. Bc6 Kf7 50. Kf3 Bd8 51. Ke4 Ke6 52. Bb7 Bc7 53. Bxg5
1-0

[Event "Tradewise Gibraltar AmatWk1"]
[Site "Gibraltar"]
[Date "2017.01.27"]
[Round "5.26"]
[White "Ajayi, Ayokanmi"]
[Black "White, Gary"]
[Result "0-1"]
[WhiteElo "1599"]
[BlackElo "1716"]
[PlyCount "66"]
[EventDate "2017.01.23"]
[EventType "swiss"]
[EventRounds "5"]
[EventCountry "GGB"]
[SourceTitle "BritBase"]
[Source "www.saund.co.uk"]
[SourceDate "2018.02.10"]
[SourceVersion "1"]
[SourceVersionDate "2018.02.10"]
[SourceQuality "1"]

1. Nf3 f5 2. d3 Nf6 3. Nc3 d6 4. g3 e5 5. e4 fxe4 6. dxe4 Be7 7. Bg2 O-O 8. O-O
Qe8 9. Qe2 Nc6 10. Nb5 Bd8 11. Ng5 a6 12. Nc3 Nd4 13. Qc4+ Kh8 14. Nd5 Nxd5 15.
exd5 b5 16. Qd3 Bxg5 17. Bxg5 Bf5 18. Qd2 Bh3 19. Rfd1 Qh5 20. f4 Bxg2 21. Qxg2
h6 22. g4 Qg6 23. Bh4 Rxf4 24. Rxd4 Rxd4 25. h3 h5 26. Bf2 Rd2 27. Qf3 Kg8 28.
Be3 hxg4 29. hxg4 Rf8 30. Qg3 Rxc2 31. Rc1 Rxc1+ 32. Bxc1 Qc2 33. Qe1 Qc5+ 0-1

[Event "Tradewise Gibraltar AmatWk1"]
[Site "Gibraltar"]
[Date "2017.01.27"]
[Round "5.27"]
[White "Elishev, Anton"]
[Black "Savage, Neil"]
[Result "0-1"]
[WhiteElo "1572"]
[BlackElo "1705"]
[PlyCount "44"]
[EventDate "2017.01.23"]
[EventType "swiss"]
[EventRounds "5"]
[EventCountry "GGB"]
[SourceTitle "BritBase"]
[Source "www.saund.co.uk"]
[SourceDate "2018.02.10"]
[SourceVersion "1"]
[SourceVersionDate "2018.02.10"]
[SourceQuality "1"]

1. e4 c5 2. Nf3 e6 3. Nc3 Nc6 4. Bc4 g6 5. d4 cxd4 6. Nxd4 Bg7 7. Be3 Nge7 8.
O-O a6 9. a4 O-O 10. Qd2 b6 11. Nf3 f5 12. exf5 Nxf5 13. Bb3 Nxe3 14. Qxe3 Kh8
15. Rab1 Bb7 16. Rfd1 Qc7 17. Ng5 Rf5 18. g4 Rf4 19. h3 Bd4 20. Nxe6 dxe6 21.
Qxe6 Rxf2 22. Ne4 Qh2# 0-1

[Event "Tradewise Gibraltar AmatWk1"]
[Site "Gibraltar"]
[Date "2017.01.27"]
[Round "5.28"]
[White "Bargil, Benny"]
[Black "Gunn, Michael J"]
[Result "1/2-1/2"]
[WhiteElo "1519"]
[BlackElo "1643"]
[PlyCount "149"]
[EventDate "2017.01.23"]
[EventType "swiss"]
[EventRounds "5"]
[EventCountry "GGB"]
[SourceTitle "BritBase"]
[Source "www.saund.co.uk"]
[SourceDate "2018.02.10"]
[SourceVersion "1"]
[SourceVersionDate "2018.02.10"]
[SourceQuality "1"]

1. d4 Nf6 2. c4 g6 3. Nf3 Bg7 4. Nc3 O-O 5. Bf4 d6 6. e3 Nbd7 7. Qc2 c5 8. dxc5
Nxc5 9. Bd3 Nxd3+ 10. Qxd3 Bf5 11. e4 Bc8 12. O-O Nd7 13. Rad1 Nc5 14. Qc2 Qa5
15. Nd5 Qd8 16. Be3 e6 17. Nc3 Qe7 18. Qd2 Bxc3 19. Qxc3 Nxe4 20. Qd4 f5 21.
Bh6 Re8 22. h4 e5 23. Qd3 Be6 24. Ng5 Nxg5 25. Bxg5 Qc7 26. b3 Qg7 27. Qxd6 h6
28. Bc1 e4 29. Qf4 Kh7 30. Rd6 Rad8 31. Rfd1 Rxd6 32. Rxd6 Bc8 33. c5 g5 34.
hxg5 hxg5 35. Qxg5 Qxg5 36. Bxg5 Kg7 37. c6 bxc6 38. Rxc6 a6 39. Be3 Kf7 40. b4
Ke7 41. Bc5+ Kd7 42. Rf6 Kc7 43. Kf1 Rg8 44. g3 Kb7 45. a3 Rd8 46. Rb6+ Kc7 47.
Ke2 Rd3 48. a4 Bb7 49. a5 Bc8 50. Rf6 Kb7 51. Rf7+ Bd7 52. Re7 Kc6 53. Rf7 Kb7
54. Rf6 Bb5 55. Ke1 Bd7 56. Rb6+ Ka7 57. Rd6+ Kb7 58. Rxd3 exd3 59. Kd2 Bb5 60.
f3 Kc6 61. Be3 Kd5 62. g4 fxg4 63. fxg4 Ke6 64. g5 Kf5 65. Kc3 Kg6 66. Bd2 Kf5
67. Kd4 Kg6 68. Ke5 Bc4 69. Kd4 Bb5 70. Kc5 Kf7 71. Kd5 Kg6 72. Kd6 Bc4 73. Ke5
Bb5 74. Ke6 Bc4+ 75. Ke7 1/2-1/2

[Event "Tradewise Gibraltar AmatWk1"]
[Site "Gibraltar"]
[Date "2017.01.27"]
[Round "5.30"]
[White "Smedsrud, Morten S"]
[Black "Jimenez Urquijo, Juan Manuel"]
[Result "1/2-1/2"]
[WhiteElo "1345"]
[BlackElo "1541"]
[PlyCount "57"]
[EventDate "2017.01.23"]
[EventType "swiss"]
[EventRounds "5"]
[EventCountry "GGB"]
[SourceTitle "BritBase"]
[Source "www.saund.co.uk"]
[SourceDate "2018.02.10"]
[SourceVersion "1"]
[SourceVersionDate "2018.02.10"]
[SourceQuality "1"]

1. d4 Nf6 2. c4 e6 3. Nc3 Bb4 4. Nf3 c5 5. a3 cxd4 6. axb4 dxc3 7. bxc3 Qc7 8.
e3 b6 9. Qb3 Bb7 10. Be2 Nc6 11. O-O Ne5 12. Nxe5 Qxe5 13. Rd1 h5 14. Rd4 a5
15. Bb2 Rh6 16. Qd1 Ng4 17. g3 Nxe3 18. fxe3 Qxe3+ 19. Kf1 Rf6+ 20. Rf4 Rxf4+
21. gxf4 Qxf4+ 22. Ke1 Qxh2 23. Qd4 Bf3 24. Bxf3 Qxb2 25. Rd1 Rd8 26. Qxg7 axb4
27. Qg8+ Ke7 28. Qg5+ Ke8 29. Qg8+ 1/2-1/2

[Event "Tradewise Gibraltar AmatWk2"]
[Site "Gibraltar"]
[Date "2017.01.28"]
[Round "1.1"]
[White "Diaz Mino, Daniel"]
[Black "Skalli, Taoufik"]
[Result "0-1"]
[WhiteElo "1658"]
[BlackElo "1864"]
[PlyCount "88"]
[EventDate "2017.01.28"]
[EventType "swiss"]
[EventRounds "5"]
[EventCountry "GGB"]
[SourceTitle "BritBase"]
[Source "www.saund.co.uk"]
[SourceDate "2018.02.10"]
[SourceVersion "1"]
[SourceVersionDate "2018.02.10"]
[SourceQuality "1"]

1. Nf3 c5 2. g3 g6 3. Bg2 Bg7 4. O-O Nc6 5. d3 d6 6. e4 e5 7. Nc3 Nge7 8. Nd2
O-O 9. Nc4 Nd4 10. f4 b5 11. Nd2 Rb8 12. a3 a5 13. Nb3 b4 14. axb4 axb4 15. Ne2
Nxb3 16. cxb3 f5 17. Qc2 Be6 18. Bd2 Qb6 19. Be3 Nc6 20. Ra4 Na5 21. Nc1 Rfc8
22. exf5 Bxf5 23. Bd5+ Kh8 24. fxe5 Bxe5 25. Kh1 Bd7 26. Kg1 Bxa4 27. Qf2 Bc6
28. Bf7 Qd8 29. d4 cxd4 30. Bxd4 Qe7 31. Nd3 Rf8 32. Qe3 Rb5 33. Nf4 Qxf7 34.
Nxg6+ Qxg6 35. Rxf8+ Kg7 36. Rf4 Rd5 37. Bxe5+ dxe5 38. Rf1 Bb7 39. Qf2 Rd8 40.
Qe3 Re8 41. Qd2 Qc6 42. Qg5+ Kh8 43. Kf2 Rf8+ 44. Ke2 Qe4+ 0-1

[Event "Tradewise Gibraltar AmatWk2"]
[Site "Gibraltar"]
[Date "2017.01.28"]
[Round "1.2"]
[White "Valladolid Martin, Fco. Jose"]
[Black "Izzard, Brian J"]
[Result "0-1"]
[WhiteElo "1897"]
[BlackElo "1657"]
[PlyCount "63"]
[EventDate "2017.01.28"]
[EventType "swiss"]
[EventRounds "5"]
[EventCountry "GGB"]
[SourceTitle "BritBase"]
[Source "www.saund.co.uk"]
[SourceDate "2018.02.10"]
[SourceVersion "1"]
[SourceVersionDate "2018.02.10"]
[SourceQuality "1"]

1. e4 c6 2. d4 d5 3. e5 Bf5 4. g4 Bd7 5. Nc3 e6 6. Be3 Qa5 7. a3 Qc7 8. Qd2 c5
9. Nb5 Bxb5 10. Bxb5+ Nd7 11. c3 Ne7 12. Ne2 Nc6 13. Nf4 Be7 14. Nh5 Bf8 15.
Ke2 c4 16. f4 g6 17. Ng3 O-O-O 18. Raf1 Bg7 19. Ba4 Rdf8 20. f5 exf5 21. gxf5
f6 22. e6 Nb6 23. Bc2 g5 24. Nh5 Qe7 25. Rf3 Kb8 26. Kd1 Rd8 27. h4 h6 28. Rfh3
Nc8 29. Qh2+ Ka8 30. Nxg7 Qxg7 31. hxg5 fxg5 32. Rxh6 0-1

[Event "Tradewise Gibraltar AmatWk2"]
[Site "Gibraltar"]
[Date "2017.01.28"]
[Round "1.3"]
[White "Ramesh, Balasubramanian"]
[Black "Cernuda Orejas, Victor Manuel"]
[Result "0-1"]
[WhiteElo "1646"]
[BlackElo "1892"]
[PlyCount "44"]
[EventDate "2017.01.28"]
[EventType "swiss"]
[EventRounds "5"]
[EventCountry "GGB"]
[SourceTitle "BritBase"]
[Source "www.saund.co.uk"]
[SourceDate "2018.02.10"]
[SourceVersion "1"]
[SourceVersionDate "2018.02.10"]
[SourceQuality "1"]

1. d4 c6 2. Bf4 d5 3. e3 Qb6 4. Qc1 Bf5 5. Nf3 h6 6. Bd3 Bxd3 7. cxd3 e6 8. O-O
Nf6 9. e4 dxe4 10. dxe4 Nxe4 11. d5 exd5 12. Nc3 Be7 13. Nxd5 cxd5 14. Qc8+ Qd8
15. Qxb7 Nd7 16. Rac1 O-O 17. Bc7 Qe8 18. Nd4 Ndf6 19. Nc6 Bd6 20. Ba5 Nc5 21.
Qb5 a6 22. Qa4 Nxa4 0-1

[Event "Tradewise Gibraltar AmatWk2"]
[Site "Gibraltar"]
[Date "2017.01.28"]
[Round "1.4"]
[White "Ansari, Athar"]
[Black "Hunt, Caro"]
[Result "1-0"]
[WhiteElo "1887"]
[BlackElo "1631"]
[PlyCount "91"]
[EventDate "2017.01.28"]
[EventType "swiss"]
[EventRounds "5"]
[EventCountry "GGB"]
[SourceTitle "BritBase"]
[Source "www.saund.co.uk"]
[SourceDate "2018.02.10"]
[SourceVersion "1"]
[SourceVersionDate "2018.02.10"]
[SourceQuality "1"]

1. e4 e5 2. Nf3 Nc6 3. Bc4 Nf6 4. Ng5 Bc5 5. Nxf7 Bxf2+ 6. Kf1 Qe7 7. Nxh8 d5
8. exd5 Nd4 9. c3 Bg4 10. Qa4+ Nd7 11. Kxf2 Qh4+ 12. g3 Qf6+ 13. Ke1 Nf3+ 14.
Kd1 Nd4+ 15. Be2 Bxe2+ 16. Ke1 Bb5 17. Qd1 Nf3+ 18. Kf2 Nd4+ 19. Kg2 Be2 20.
Rf1 Qd6 21. Qe1 Qxd5+ 22. Kg1 Nf3+ 23. Rxf3 Bxf3 24. c4 Qc6 25. Nc3 O-O-O 26.
Nf7 Rf8 27. Ng5 Bg4 28. Nge4 Bh3 29. Nd5 Qxc4 30. Nf2 Qxd5 31. Nxh3 Qd4+ 32.
Qe3 Qg4 33. Nf2 Qe6 34. b3 Qd5 35. Ba3 Rf3 36. Qe4 Qf7 37. Rf1 b6 38. Bb2 g6
39. Bxe5 Nc5 40. Qg4+ Kb8 41. Bf4 Qd5 42. d4 Nd3 43. Nxd3 Rxd3 44. Be5 Qb5 45.
Rf8+ Kb7 46. Qc8+ 1-0

[Event "Tradewise Gibraltar AmatWk2"]
[Site "Gibraltar"]
[Date "2017.01.28"]
[Round "1.6"]
[White "Garcia-Blazquez Perez, Manuel"]
[Black "Riedel, Michael"]
[Result "1-0"]
[WhiteElo "1851"]
[BlackElo "1590"]
[PlyCount "67"]
[EventDate "2017.01.28"]
[EventType "swiss"]
[EventRounds "5"]
[EventCountry "GGB"]
[SourceTitle "BritBase"]
[Source "www.saund.co.uk"]
[SourceDate "2018.02.10"]
[SourceVersion "1"]
[SourceVersionDate "2018.02.10"]
[SourceQuality "1"]

1. e4 e6 2. d4 d5 3. Nd2 dxe4 4. Nxe4 Nd7 5. Bd3 Ngf6 6. c3 Be7 7. Nf3 Nxe4 8.
Bxe4 Nf6 9. Bc2 c6 10. O-O b6 11. Ne5 Bb7 12. Re1 Rc8 13. Qd3 h6 14. Qg3 g5 15.
f4 Rg8 16. f5 exf5 17. Bxf5 Rc7 18. Qh3 h5 19. Rf1 Bc8 20. Bd2 Rg7 21. Rae1 Kf8
22. Qd3 c5 23. h4 Ng8 24. hxg5 Bxg5 25. Ng6+ Rxg6 26. Bxg6 Bf6 27. Bh7 Be6 28.
Bxg8 Kxg8 29. Qg3+ Bg4 30. Rxf6 cxd4 31. Rd6 Qc8 32. Bg5 Qb7 33. Re8+ Kh7 34.
Rh6+ 1-0

[Event "Tradewise Gibraltar AmatWk2"]
[Site "Gibraltar"]
[Date "2017.01.28"]
[Round "1.7"]
[White "Gaspar, Ioan-Dan"]
[Black "Rios Gonzalez, Jose Antonio"]
[Result "0-1"]
[WhiteElo "1579"]
[BlackElo "1847"]
[PlyCount "96"]
[EventDate "2017.01.28"]
[EventType "swiss"]
[EventRounds "5"]
[EventCountry "GGB"]
[SourceTitle "BritBase"]
[Source "www.saund.co.uk"]
[SourceDate "2018.02.10"]
[SourceVersion "1"]
[SourceVersionDate "2018.02.10"]
[SourceQuality "1"]

1. c4 c5 2. Nc3 Nc6 3. g3 g6 4. Bg2 Bg7 5. a3 a5 6. e4 e5 7. d3 Nge7 8. f4 d6
9. Nf3 O-O 10. O-O f5 11. h3 h6 12. Kh2 Rb8 13. Nd5 b5 14. cxb5 Rxb5 15. Qa4
Ba6 16. Nxe7+ Nxe7 17. fxe5 fxe4 18. Qxe4 d5 19. Qh4 Qc7 20. Bf4 Rxb2 21. e6
Qb7 22. Rad1 Re2 23. Rfe1 Rxe1 24. Nxe1 g5 25. Bxg5 hxg5 26. Qxg5 Rf5 27. Qd2
Qc7 28. Nf3 Bc8 29. d4 Bxe6 30. dxc5 Nc6 31. Ng5 Rxg5 32. Qxg5 d4 33. Bxc6 Qxc6
34. Rxd4 Qf3 35. Rd2 Kh7 36. Qh4+ Kg6 37. Qf4 Qxa3 38. Qd6 Qe3 39. Qd3+ Qxd3
40. Rxd3 a4 41. c6 Kf7 42. g4 Be5+ 43. Kg1 Bb2 44. g5 a3 45. g6+ Kxg6 46. Rd6
Kf7 47. c7 a2 48. Rxe6 a1=Q+ 0-1

[Event "Tradewise Gibraltar AmatWk2"]
[Site "Gibraltar"]
[Date "2017.01.28"]
[Round "1.8"]
[White "Longdin, Michael"]
[Black "Oliva Parra, Ernesto"]
[Result "1-0"]
[WhiteElo "1836"]
[BlackElo "1578"]
[PlyCount "85"]
[EventDate "2017.01.28"]
[EventType "swiss"]
[EventRounds "5"]
[EventCountry "GGB"]
[SourceTitle "BritBase"]
[Source "www.saund.co.uk"]
[SourceDate "2018.02.10"]
[SourceVersion "1"]
[SourceVersionDate "2018.02.10"]
[SourceQuality "1"]

1. d4 d5 2. Nf3 Bf5 3. Bf4 Nf6 4. h3 h6 5. e3 e6 6. Be2 Be7 7. O-O Nc6 8. c4
Nb4 9. Qa4+ Nc6 10. Ne5 Ne4 11. Nxc6 Qd7 12. cxd5 bxc6 13. dxc6 Qd8 14. f3 Nd6
15. Nc3 O-O 16. e4 Bg6 17. Rad1 Qb8 18. Rd2 Nc8 19. Nb5 Nb6 20. Qd1 Rc8 21. a3
a6 22. Nc3 Qa7 23. Kh1 Rd8 24. Qe1 Nc8 25. Qf2 Bf6 26. Be3 Ne7 27. e5 Bg5 28.
f4 Bh4 29. Qxh4 Nxc6 30. Qf2 Ne7 31. Bf3 Rac8 32. d5 Qb8 33. dxe6 fxe6 34. Rfd1
Re8 35. Rd4 Nf5 36. Rb4 Qxb4 37. axb4 Rb8 38. Bc5 Kh7 39. g4 Ne7 40. Bxe7 Rxe7
41. Be4 Bxe4+ 42. Nxe4 Rxb4 43. Qc5 1-0

[Event "Tradewise Gibraltar AmatWk2"]
[Site "Gibraltar"]
[Date "2017.01.28"]
[Round "1.9"]
[White "Davies, Cledwyn"]
[Black "Lochte, Szilvia"]
[Result "0-1"]
[WhiteElo "1572"]
[BlackElo "1829"]
[PlyCount "40"]
[EventDate "2017.01.28"]
[EventType "swiss"]
[EventRounds "5"]
[EventCountry "GGB"]
[SourceTitle "BritBase"]
[Source "www.saund.co.uk"]
[SourceDate "2018.02.10"]
[SourceVersion "1"]
[SourceVersionDate "2018.02.10"]
[SourceQuality "1"]

1. e4 c5 2. Nc3 e6 3. g3 Nc6 4. Bg2 d5 5. exd5 exd5 6. Nxd5 Nf6 7. Nxf6+ Qxf6
8. Bxc6+ Qxc6 9. Qf3 Qg6 10. d3 Bd7 11. Qe4+ Be7 12. Qxg6 hxg6 13. Ne2 Bg4 14.
Nf4 g5 15. Ng2 Bf3 16. O-O O-O-O 17. Re1 Bf6 18. Ne3 Rxh2 19. Ng2 Rxg2+ 20. Kf1
Rh8 0-1

[Event "Tradewise Gibraltar AmatWk2"]
[Site "Gibraltar"]
[Date "2017.01.28"]
[Round "1.10"]
[White "Mena Castillo, Luis"]
[Black "Haddock, Paul"]
[Result "0-1"]
[WhiteElo "1829"]
[BlackElo "1570"]
[PlyCount "66"]
[EventDate "2017.01.28"]
[EventType "swiss"]
[EventRounds "5"]
[EventCountry "GGB"]
[SourceTitle "BritBase"]
[Source "www.saund.co.uk"]
[SourceDate "2018.02.10"]
[SourceVersion "1"]
[SourceVersionDate "2018.02.10"]
[SourceQuality "1"]

1. e4 c5 2. c3 d5 3. exd5 Qxd5 4. d4 e6 5. Nf3 Nf6 6. Be2 Nbd7 7. c4 Qc6 8. Nc3
cxd4 9. Nxd4 Qb6 10. O-O a6 11. a3 Be7 12. b4 O-O 13. Be3 Qc7 14. Rc1 b6 15.
Bf3 Bb7 16. Nb3 Bxf3 17. Qxf3 Qxc4 18. Nd4 Rfc8 19. h3 b5 20. Rfd1 Ne5 21. Qg3
Ng6 22. Rd2 Ne4 23. Nxe4 Qxc1+ 24. Kh2 Qxa3 25. Nd6 Rd8 26. Nc6 Bxd6 27. Rxd6
Rxd6 28. Qxd6 Qc3 29. Bc5 h6 30. Qd7 Ne5 31. Ne7+ Kh7 32. Qd6 Nc4 33. Qf4 Qe5
0-1